Nemzetközi szerzödések 1918-1945 <a> kát világháború közötti korszak és a második világháború legfontosabb külpolitikai szerzödései
Saved in:
| Main Author: | |
|---|---|
| Format: | Book |
| Language: | Hungarian |
| Published: |
Budapest
Közgazdasági és Jogi Könyakiadó
1983
|
| Edition: | 2. átdolgozott és bövitett kiadás. |
| Tags: |
No Tags, Be the first to tag this record!
|
MARC
| LEADER | 00000nam a2200000 4500 | ||
|---|---|---|---|
| 001 | c034274 | ||
| 005 | 20221220085321.1 | ||
| 041 | 0 | |a hun | |
| 044 | |a HU | ||
| 245 | 1 | 0 | |a Nemzetközi szerzödések 1918-1945 |b <a> kát világháború közötti korszak és a második világháború legfontosabb külpolitikai szerzödései |c Halmosy Dénes |
| 250 | |a 2. átdolgozott és bövitett kiadás. | ||
| 264 | 1 | |a Budapest |b Közgazdasági és Jogi Könyakiadó |c 1983 | |
| 300 | |a 690 s. | ||
| 100 | 1 | |a Dénes, Halmosy | |